| 000 | 00874cam a2200253 i 4500 | ||
|---|---|---|---|
| 999 |
_c200444354 _d62566 |
||
| 003 | TR-AnTOB | ||
| 005 | 20220414135326.0 | ||
| 007 | ta | ||
| 008 | 190618s1990 tu a000 0 tur d | ||
| 040 |
_aTR-AnU _beng _erda _cTR-AnTOB _dTR-AnTOB |
||
| 041 | 0 | _atur | |
| 050 | 1 | 4 |
_aHG3256.5.A7 _bS27 1990 |
| 090 |
_aTOBBK HG3256.5.A7 _bS27 1990 |
||
| 245 | 0 | 0 | _aTürkiye Cumhuriyet Merkez Bankası parasal programı hakkında Dr. Rüşdü Saracoğlu tarafından verilen Brifing metni. |
| 264 | 1 |
_aAnkara: _bT.C. Merkez Bankası, _c1990. |
|
| 300 |
_a47 pages ; _c30 cm |
||
| 336 |
_atext _btxt _2rdacontent |
||
| 337 |
_aunmediated _bn _2rdamedia |
||
| 338 |
_avolume _bnc _2rdacarrier |
||
| 650 | 7 |
_aBankalar ve bankacılık, Merkez _z Turkey _x Monetary policy _2etuturkob _933072 |
|
| 942 |
_2z _cBK |
||